Southville International School and Colleges
Your cart is empty.
  • Cart
  • Lists
    Public lists Eva Luna New books Lux_list list_1
    Your lists Log in to create your own lists
  • Log in to your account
  • Your cookies
  • Search history
Southville International School and Colleges
  • Advanced search
  • Recent comments
  • Most popular
  • Libraries

Log in to your account

Log in with GOOGLE


If you do not have an external account, but do have a local account, you can still log in:

  1. Home
  2. MARC view: Wolves.
Normal view MARC view ISBD view

Wolves. (Record no. 115303)

[ view plain ]
MARC details
000 -LEADER
fixed length control field 00441nam a2200169 a 4500
005 - DATE AND TIME OF LATEST TRANSACTION
control field 20140414132135.0
008 - FIXED-LENGTH DATA ELEMENTS--GENERAL INFORMATION
fixed length control field 140221s19uu xx 00 eng d
020 ## - INTERNATIONAL STANDARD BOOK NUMBER
International Standard Book Number 9781426309137
050 ## - LIBRARY OF CONGRESS CALL NUMBER
Classification number REF 599.77
Item number Ma11 2012
100 ## - MAIN ENTRY--PERSONAL NAME
Personal name Marsh, Laura
245 ## - TITLE STATEMENT
Title Wolves.
260 ## - PUBLICATION, DISTRIBUTION, ETC. (IMPRINT)
Place of publication, distribution, etc Washington, DC :
Name of publisher, distributor, etc NAtional Geogrpahic for Kids,
Date of publication, distribution, etc c2012.
300 ## - PHYSICAL DESCRIPTION
Extent 32
440 ## - SERIES STATEMENT/ADDED ENTRY--TITLE
Title National Geographic for Kids
650 ## - SUBJECT ADDED ENTRY--TOPICAL TERM
Topical term or geographic name as entry element Wolves
Holdings
Withdrawn status Lost status Damaged status Use restrictions Home library Current library Shelving location Date acquired Source of acquisition Total Checkouts Full call number Barcode Date last seen Price effective from Koha item type
        Munich Library Munich Library Reference Section 02/21/2014     REF 599.77 Ma11 2012 M7325 04/14/2014 04/14/2014 Books

Wolves.

APA

Marsh L., . (2012). Wolves. Washington, DC: NAtional Geogrpahic for Kids.

Chicago

Marsh Laura, . 2012. Wolves. Washington, DC: NAtional Geogrpahic for Kids.

Harvard

Marsh L., . (2012). Wolves. Washington, DC: NAtional Geogrpahic for Kids.

MLA

Marsh Laura, . Wolves. Washington, DC: NAtional Geogrpahic for Kids. 2012.

  • Place hold
  • Print
  • Cite
  • Add to your cart (remove)
  • Save record
    BIBTEX Dublin Core MARCXML MARC (non-Unicode/MARC-8) MARC (Unicode/UTF-8) MARC (Unicode/UTF-8, Standard) MODS (XML) RIS
  • More searches
    Search for this title in:
    Other Libraries (WorldCat) Other Databases (Google Scholar) Online Stores (Bookfinder.com) Open Library (openlibrary.org)

Exporting to Dublin Core...

SOUTHVILLE LIBRARY

Southville International School and Colleges Library

1281 Tropical Ave. Cor. Luxembourg St., BF Homes International, Las Pinas City

Tel. No. 8256374 / 252358 Loc. 117/146

Powered by Koha